¡Hacia sus horas mejores! /
Descripción Física:
Il·lustracions
Colección:
San Jorge,
; núm. 11 (juliol 1953), pàg 31-46
Materias:
Dones -- Barcelona (Catalunya) -- Condicions socials
; Dones -- Barcelona (Catalunya) -- Vida social i costums
; Dones -- Treball -- Barcelona (Catalunya)
Idioma:
Español
MARC
| LEADER | 00000naa a2200000 a 4500 | ||
|---|---|---|---|
| 003 | Arxiu | ||
| 005 | 20260324181043.0 | ||
| 008 | 160829s1953 spcaxx s spa c | ||
| 040 | |a agdb | ||
| 100 | 1 | |a Badosa, Enrique, |d 1927-2021 |9 31045 | |
| 245 | 1 | 1 | |a ¡Hacia sus horas mejores! / |c por Enrique Badosa |
| 300 | |b Il·lustracions | ||
| 490 | |a San Jorge, |v núm. 11 (juliol 1953), pàg 31-46 | ||
| 590 | |a Conté 16 fotografies i il·lustracions | ||
| 650 | 0 | |a Dones |z Barcelona (Catalunya) |x Condicions socials |9 33654 | |
| 650 | 0 | |a Dones |x Barcelona (Catalunya) |x Vida social i costums |9 33655 | |
| 650 | 0 | |a Dones |x Treball |z Barcelona (Catalunya) |9 3175 | |
| 773 | |g Núm. 11 (juliol 1953), pàg 31-46 |t San Jorge. | ||
| 901 | |a Arxiu | ||
| 942 | |n 1 |2 udc |c ART | ||
| 952 | |0 0 |1 0 |4 0 |6 REV508 |7 1 |9 64394 |a Arxiu |b Arxiu |d 2022-11-28 |o Rev-508 |r 2022-11-28 00:00:00 |w 2022-11-28 |y ARXIU |z També disponible a Rev-522 | ||
| 999 | |c 49939 |d 49939 | ||